01387nam a2200277 a 450000100100000000500170001000800410002704000240006808200160009210000440010824501330015226000430028530000210032850000630034950400280041259000270044065000220046765000370048970000370052691000370056395201290060095201290072995201140085895201200097299900170109200003833020240510073817.0090901s20uu dr 000 0 spa d aDO-SdBNPbpacBNPHU a109bP872te1 aPoueriet, Miguel Ángel,d1959-91818610aTe invito a filosofar :bguía de lecturas filosóficas seleccionadas /cMiguel Ángel Poueriet ; prólogo Alejandro Arvelo. aSanto Domingo :bLa Escalera,c[200?]. a135 p. ;c22 cm. aIncluye datos biográficos del autor en la contracubierta aBibliografía : p. 135 aInventariado, 2018 /LP 0aFilosofía 9813 4aFilósofosxBiografías91818712aArvelo, Alejandro,epról.9147 aValidado. Control de calidad MFF 001054708DSaGRbGRcHDd2015-04-13iLF1l0o109 P872tep38330-30r2020-06-25te. 3w2020-06-25yLFDSZPréstamo en sala 001054708DSaGRbGRcHDd2015-08-10iLF1l0o109 P872tep38330-40r2020-06-25te. 4w2020-06-25yLFDSZPréstamo en sala 0010718PDaPDbPDcHDd2013-04-09iLF1l0o109 P872tep38330-10r2020-06-25w2020-06-25yLFPDZNo se presta 0010718PDaPDbPDcHDd2013-04-22iLF1l0o109 P872tep38330-20r2020-06-25te. 2w2020-06-25yLFPDZNo se presta c37820d37820